Compartir la responsabilidad global: el papel de las clases medias para alcanzar una economía mundial más justa y sostenible /
保存先:
| 第一著者: | |
|---|---|
| フォーマット: | テキスト |
| タグ: |
タグ追加
タグなし, このレコードへの初めてのタグを付けませんか!
|
MARC
| LEADER | 00000 a a2200000 04500 | ||
|---|---|---|---|
| 001 | 47696 | ||
| 003 | |||
| 040 | |||
| 100 | |a Wiemann, Jürgen | ||
| 245 | |a Compartir la responsabilidad global: |b el papel de las clases medias para alcanzar una economía mundial más justa y sostenible / |c Jürgen Wiemann | ||
| 773 | |a número253, (2014), páginas 28-42 | ||
| 999 | |c 34317 |d 34317 | ||
